Fundamentals of corporate finance / (Record no. 345073)
[ view plain ]
| 000 -LEADER | |
|---|---|
| fixed length control field | 02129 a2200253 4500 |
| 020 ## - INTERNATIONAL STANDARD BOOK NUMBER | |
| International Standard Book Number | 0075612747 |
| 020 ## - INTERNATIONAL STANDARD BOOK NUMBER | |
| International Standard Book Number | 9780075612742 |
| 082 04 - DEWEY DECIMAL CLASSIFICATION NUMBER | |
| Classification number | 658.15 |
| 090 ## - LOCALLY ASSIGNED LC-TYPE CALL NUMBER (OCLC); LOCAL CALL NUMBER (RLIN) | |
| -- | 2578 |
| -- | 2578 |
| 100 1# - MAIN ENTRY--PERSONAL NAME | |
| Personal name | Ross, Stephen A. |
| 245 10 - TITLE STATEMENT | |
| Title | Fundamentals of corporate finance / |
| Statement of responsibility, etc. | Stephen A. Ross. |
| 250 ## - EDITION STATEMENT | |
| Edition statement | 4th ed. |
| 260 ## - PUBLICATION, DISTRIBUTION, ETC. | |
| Place of publication, distribution, etc. | [S.l.] : |
| Name of publisher, distributor, etc. | Richard D Irwin, |
| Date of publication, distribution, etc. | 1997. |
| 300 ## - PHYSICAL DESCRIPTION | |
| Extent | 708 p. ; |
| Dimensions | 26 cm. |
| 490 1# - SERIES STATEMENT | |
| Series statement | Irwin/mcgraw-hill series in finance. |
| 500 ## - GENERAL NOTE | |
| General note | Hardcover. |
| 520 ## - SUMMARY, ETC. | |
| Summary, etc. | The best-selling "Fundamentals of Corporate Finance" (FCF) is written with one strongly held principle - that corporate finance should be developed and taught in terms of a few integrated, powerful ideas. As such, there are three basic themes that are the central focus of the book: an emphasis on intuition - underlying ideas are discussed in general terms and then by way of examples that illustrate in more concrete terms how a financial manager might proceed in a given situation; an unified valuation approach - net present value (NPV) is treated as the basic concept underlying corporate finance. Every subject covered is firmly rooted in valuation, and care is taken to explain how particular decisions have valuation effects; and a managerial focus - the authors emphasize the role of the financial manager as decision maker, and they stress the need for managerial input and judgment. The Ninth Edition continues the tradition of excellence that has earned "Fundamentals of Corporate Finance" its status as market leader. Every chapter has been updated to provide the most current examples that reflect corporate finance in today's world. The supplements package has been updated and improved, and with the new Excel Master online tool, student and instructor support has never been stronger. |
| 700 1# - ADDED ENTRY--PERSONAL NAME | |
| Personal name | Westerfield, Randolph. |
| 700 1# - ADDED ENTRY--PERSONAL NAME | |
| Personal name | Jordan, Bradford D. |
| 830 #0 - SERIES ADDED ENTRY--UNIFORM TITLE | |
| Uniform title | Irwin/mcgraw-hill series in finance. |
| 856 40 - ELECTRONIC LOCATION AND ACCESS | |
| Materials specified | Amazon.com |
| Uniform Resource Identifier | <a href="http://www.amazon.com/exec/obidos/ASIN/0075612747/chopaconline-20">http://www.amazon.com/exec/obidos/ASIN/0075612747/chopaconline-20</a> |
| 856 40 - ELECTRONIC LOCATION AND ACCESS | |
| Materials specified | Amazon customer reviews |
| Uniform Resource Identifier | <a href="http://www.chopac.org/cgi-bin/tools/azrev.pl?q=0075612747">http://www.chopac.org/cgi-bin/tools/azrev.pl?q=0075612747</a> |
| 942 ## - ADDED ENTRY ELEMENTS (KOHA) | |
| Institution code [OBSOLETE] | NBS |
| Koha item type | Book |
| Call number prefix | 658.15 ROS |
| Withdrawn status | Lost status | Damaged status | Not for loan | Permanent Location | Current Location | Date acquired | Total Checkouts | Full call number | Barcode | Date last seen | Price effective from | Koha item type |
|---|---|---|---|---|---|---|---|---|---|---|---|---|
| Central Library (CL) | Central Library (CL) | 08/28/2013 | 658.15 ROS | NBS4663 | 08/28/2013 | 08/28/2013 | Book |
